Producción de concreto de alta resistencia en Costa Rica.

Salvato in:
Dettagli Bibliografici
Autore principale: Camacho de Pass, Alvaro
Natura: Libro
Pubblicazione: San José, Costa Rica 1985
Soggetti:
Tags: Aggiungi Tag
Nessun Tag, puoi essere il primo ad aggiungerne!!

MARC

LEADER 00000nam a2200000Ia 4500
003 004286
005 20221231144349.0
008 140114s1985 cr a m 000 ||s d
040 |c cru CEDI 
090 |a TFG 1997 
100 |a Camacho de Pass, Alvaro  |9 13897 
245 |a Producción de concreto de alta resistencia en Costa Rica. 
260 |c 1985  |a San José, Costa Rica 
300 |a xiii, 190 hojas : ilustraciones ; 28 cm  
500 |a  Proyecto de graduacion (licenciatura en ingeniería civil)--Universidad de Costa Rica. Facultad de Ingeniería. Escuela de Ingeniería Civil 
650 |x HORMIGON - PRODUCCION  |9 13898 
942 |c TFG  |2 ddc 
999 |c 20775  |d 20775